000 00376 a2200145 4500
040 _aDLC
_bDLC
082 _a891.4391
100 _aMustafa Zaidi.
245 _aMooj mere sadaf sadaf
_cMustafa Zaidi
260 _aLahore:
_bAlhamad publications,
_c1998.
300 _a112 p. ;
_c22 cm.
500 _aIncludes Index
650 _aUrdu Literature.
942 _cBK
_k891.4391 MUS
_2ddc
999 _c5239
_d5239